000 00463nam a2200217 454500
001 038032
003 BD-ChCU
008 Eng
020 _ax
040 _aDLC
_cDLC
_dBD-ChCU
082 0 0 _a537/GRE
100 1 _aGrant, I.S.
_bPhillips, W.R.
245 1 0 _aElectromagnetism
_bx
250 _ax
260 _aChichester
_bELBS
_c1982
300 _axiv, 514
504 _ax
650 0 _aElectromagnetism
_bPhysics
700 1 _ax
942 _2ddc
_cBK
999 _c38032
_d38032